000 01346nad a2200409 a 4500
001 MIU01000000000000005053728
003 MiU
005 20231010141051.0
007 cr mnummmmuuuu
008 911216s1990 ii sb 001 0 eng d
010 _z91170278
020 _z0195625528
020 _z0195630106
024 7 _a2027/heb02443
_2hdl
040 _aMiU
_cMiU
090 _aHN690.Z9
_b(INTERNET)
100 1 _aPandey, Gyanendra.
_936199
245 1 4 _aThe construction of communalism in colonial north India
_h[electronic resource] /
_cGyanendra Pandey.
300 _axvi, 297 p. ;
_c23 cm.
504 _aIncludes bibliographical references (p. [279]-289) and index.
650 0 _zIndia.
_936200
650 0 _zIndia.
_936200
650 0 _zIndia.
_936200
830 0 _aACLS Humanities E-Book.
_936201
856 4 0 _zVolltext
_uhttps://hdl.handle.net/2027/heb02443
942 _cEB
500 _aE-Book-ACLS / Zugriff nur im DHI-Lesesaal
653 _aCommunity development
653 _aNationalism
653 _aCommunalism
336 _2rdacontent
_btxt
_aText
337 _2rdamedia
_bbc
_aComputermedien
338 _2rdacarrier
_bcr
_aOnline Ressource
264 _aDelhi ;
_bOxford University Press,
_c1990.
041 _aeng
500 _aAmerican Council of Learned Societies/ https://www.humanitiesebook.org/about/
999 _c65151
_d65151